00205 a2200109 4500001000700000020000600007040001100013100002100024240002300045245001800068362000900086169703 a  cMagnum aJornal do Brasil10aMinas turismolpor10aMinas turismo0 a1899